| 000 | 00465nam a2200169Ia 4500 | ||
|---|---|---|---|
| 999 |
_c10349 _d10349 |
||
| 003 | OSt | ||
| 005 | 20191224140842.0 | ||
| 008 | 190216s9999||||xx |||||||||||||| ||und|| | ||
| 040 | _coclc | ||
| 082 |
_a339 _bSET/M |
||
| 100 |
_aSeth, M L _9472 |
||
| 245 | 0 |
_aMacroeconomics / _c M L Seth |
|
| 260 |
_bLakshmi Narain Agarwal Publications, _c1998. _aAgra: |
||
| 300 | _a660p | ||
| 650 | _aEconomics | ||
| 942 |
_cBK _2ddc _h339 _iSET/M _k339 _mSET/M |
||